Normal view
MARC view
Entry Personal Name
001 - CONTROL NUMBER
- control field: 310
003 - CONTROL NUMBER IDENTIFIER
- control field: OSt
005 - DATE AND TIME OF LATEST TRANSACTION
- control field: 20110128145115.0
008 - FIXED-LENGTH DATA ELEMENTS
- fixed length control field: 110128|||a|||||| | ||| d
040 ## - CATALOGING SOURCE
- Original cataloging agency: OSt
- Transcribing agency: OSt
100 ## - HEADING--PERSONAL NAME
- Personal name: बेडेकर, विजय वा.; मठ, शं. बा.; शेवडे, मैत्रयी; सिंग, शकुंतला; पाठक, मोहन; ठाकुर, अशोक; भिडे, आशा; कुसेकर, चंदाराणी; साने, यशवंत; आठल्ये, श्रीनिवास
670 ## - SOURCE DATA FOUND
- Source citation: Work cat.: (OSt): बेडेकर, विजय वा. 309, १२३ दिशा : नोव्हेंबर २००७, २००७